| 000 | 00426nam a2200169Ia 4500 | ||
|---|---|---|---|
| 003 | LK-CoDNM | ||
| 008 | 010623t1900 xxu||||| |||| 00| 1 eng d | ||
| 040 |
_aLK-CoDNM _dLK-CoDNM _eLK-CoDNM |
||
| 041 | _aeng | ||
| 080 | _a8 P 19 | ||
| 245 | _aMadras Government Museum : Anthropology | ||
| 260 |
_bGovernment Press _aMadras _c1900 |
||
| 300 | _b92p,pl., 21 cm | ||
| 650 | _aMala Vedars | ||
| 650 | _aMiscellanea | ||
| 942 | _cBK | ||
| 999 |
_c84947 _d84947 |
||